Protimonopolný úrad v roku 1996

Uplatnenie zákona o ochrane hospodárskej súťaže č. 188/1994 Z.z. v roku 1996. Vysvetlenie pojmu protisúťažné techniky. Dohody obmedzujúce súťaž. Uplatnenie zákona o ochrane hospodárskej súťaže v stavebníctve. Zneužívanie dominantného postavenia. Posudzovanie koncentrácií a koncentrácie v stavebníctv...

Descrizione completa

Salvato in:
Dettagli Bibliografici
Autore principale: Holic, J.
Natura: Capitolo di libro
Lingua:slovacco
Soggetti:
Tags: Aggiungi Tag
Nessun Tag, puoi essere il primo ad aggiungerne!!

MARC

LEADER 00000naa a2200000 4500
001 r026076
005 20230925095621.8
041 0 |a slo 
044 |a SK 
245 1 0 |a Protimonopolný úrad v roku 1996  |c J. Holic 
520 |a Uplatnenie zákona o ochrane hospodárskej súťaže č. 188/1994 Z.z. v roku 1996. Vysvetlenie pojmu protisúťažné techniky. Dohody obmedzujúce súťaž. Uplatnenie zákona o ochrane hospodárskej súťaže v stavebníctve. Zneužívanie dominantného postavenia. Posudzovanie koncentrácií a koncentrácie v stavebníctve. Harmonizácia slovenského súťažného práva s právom Európskej únie. 
610 2 0 |a súťaž hospodárska 
610 2 0 |a zákony 
610 2 0 |a Slovensko 
610 2 0 |a 1994 
610 2 0 |a 1996 
610 2 0 |a stavebníctvo 
610 2 0 |a politika protimonopolná 
610 2 0 |a Protimonopolný úrad SR Bratislava 
610 2 0 |a Európska únia 
610 2 0 |a koncentrácia 
100 1 |a Holic, J.